000 00774nam a22002777a 4500
001 2879528
003 OSt
005 20210426114625.0
008 860908s1987 nyu 000 1 eng
010 _a 86025167
020 _a0399132260
040 _aDLC
_cDLC
_dDLC
050 0 0 _aPR6056.R27
_bB55 1987
080 _a821.111
_bF-85
082 0 0 _a823/.914
_219
100 1 _aFrancis, Dick.
245 1 0 _aBolt /
_cDick Francis.
260 _aNew York :
_bPutnam,
_cc1987.
300 _a318 p. ;
_c24 cm.
365 _a17.95 USD
650 0 _aHorse racing
_xFiction.
653 _aინგლისური ლიტერატურა
655 7 _aDetective and mystery stories.
_2gsafd
906 _a7
_bcbc
_corignew
_d1
_eocip
_f19
_gy-gencatlg
942 _2udc
_cBK
999 _c1200
_d1200